Ca khúc Phạm Minh Tuấn
Sparad:
| Huvudupphovsman: | |
|---|---|
| Materialtyp: | Bok |
| Publicerad: |
Tp Hồ Chí Minh
Văn nghệ Tp Hồ Chí Minh
2004
|
| Ämnen: | |
| Taggar: |
Lägg till en tagg
Inga taggar, Lägg till första taggen!
|
| Thư viện lưu trữ: | Trung tâm Học liệu Lê Vũ Hùng, Trường Đại học Đồng Tháp |
|---|
| LEADER | 00673pam a22002058a 4500 | ||
|---|---|---|---|
| 001 | 00038511 | ||
| 005 | 20171030141043.0 | ||
| 008 | 170516s2004 ||||||Viesd | ||
| 041 | 0 | # | |a Vie |
| 082 | 1 | 4 | |a 782.42 |b C100KH |
| 100 | 1 | # | |a Phạm, Minh Tuấn |
| 245 | 1 | 0 | |a Ca khúc Phạm Minh Tuấn |c Phạm Minh Tuấn |
| 260 | # | # | |a Tp Hồ Chí Minh |b Văn nghệ Tp Hồ Chí Minh |c 2004 |
| 300 | # | # | |a 167 tr. |c 37 cm |
| 541 | # | # | |a Po |
| 653 | # | # | |a Ca khúc Phạm Minh Tuấn |
| 852 | # | # | |b Kho đọc |j KD.1000884 |
| 852 | # | # | |j KD.0021873 |j KM.0022621 |
| 910 | |d 16/05/2017 | ||
| 980 | # | # | |a Trung tâm Học liệu Lê Vũ Hùng, Trường Đại học Đồng Tháp |